|
|
|
|
| LEADER |
00000cam a2200000 4500 |
| 001 |
vtls012232302 |
| 003 |
SK-MaSNL |
| 005 |
20260302014241.0 |
| 008 |
230614s2022 xo gr 010 0 cze |
| 015 |
|
|
|a SNBA2023/07
|
| 020 |
|
|
|a 9788081006937
|q (brožované)
|
| 040 |
|
|
|a SNK
|b slo
|c SNK
|e rda
|
| 041 |
1 |
|
|a cze
|h eng
|
| 044 |
|
|
|a xo
|c SK
|
| 072 |
|
7 |
|a 133
|x Ezoterizmus. Okultizmus
|2 konspekt
|
| 072 |
|
7 |
|a 22/24
|x Náboženstvá Ďalekého východu. Indické náboženstvá. Hinduizmus. Budhizmus
|2 konspekt
|
| 080 |
|
|
|a 133
|2 2011
|
| 080 |
|
|
|a 233-187.5
|2 2011
|
| 080 |
|
|
|a (0.062)
|2 2011
|
| 080 |
|
|
|a 24-185.325
|2 2011
|
| 100 |
1 |
|
|a Taylor, Sandra Anne,
|d 1950-
|4 aut
|9 227045
|
| 240 |
1 |
4 |
|a The Akashic Records Made Easy
|l Česky
|
| 245 |
1 |
0 |
|a Ákáša snadno a srozumitelně
|c Sandra Anne Taylor ; z anglickéhho originálu: The Akashic Records Made Easy přeložila Magdalena Mikulková
|
| 246 |
3 |
1 |
|i Obálkový podnázov:
|a Cvičení a techniky, které Vám pomůžou otevřít ákášické záznamy a získat informace pro konkrétní účely
|
| 250 |
|
|
|a První vydání
|
| 264 |
|
1 |
|a Bratislava
|b Eugenika
|c 2022
|
| 300 |
|
|
|a 244 strán
|c 20 cm
|
| 336 |
|
|
|a text
|b txt
|2 rdacontent
|
| 337 |
|
|
|a bez média
|b n
|2 rdamedia
|
| 338 |
|
|
|a zväzok
|b nc
|2 rdacarrier
|
| 500 |
|
|
|a Obsahuje profesijné údaje o autorke
|
| 500 |
|
|
|a Preložené z angličtiny
|
| 650 |
0 |
7 |
|a ezoterika
|2 SNKPH
|9 2083
|
| 650 |
0 |
7 |
|a Esoterism
|2 SNKPHeng
|9 274110
|
| 650 |
0 |
7 |
|a Reincarnation
|2 SNKPHeng
|9 361290
|
| 650 |
0 |
7 |
|a karma
|2 SNKPHeng
|9 2748
|
| 650 |
0 |
7 |
|a reinkarnácia
|2 SNKPH
|9 1683
|
| 650 |
0 |
7 |
|a karma
|2 SNKPH
|9 2748
|
| 650 |
0 |
7 |
|a akáša
|2 SNKPH
|9 486028
|
| 655 |
|
7 |
|a populárno-náučné publikácie
|2 SNKPH
|9 70460
|
| 655 |
|
7 |
|a Popular works
|2 SNKPHeng
|9 90287
|
| 700 |
1 |
|
|a Mikulková, Magdalena
|4 trl
|9 229317
|
| 852 |
|
|
|a Štátna vedecká knižnica v Banskej Bystrici
|
| 919 |
|
|
|a 978-80-8100-693-7
|
| 954 |
|
|
|a iná literatúra (príručky, kuchárske knihy, hobby literatúra, sprievodcovia) cudzojazyčná (svetová)
|2 lita
|
| 958 |
|
|
|a OP
|
| 958 |
|
|
|a CZ
|
| 999 |
|
|
|c 1016183
|d 1018113
|
| 952 |
|
|
|a SNK
|b SNK
|y PREZ
|7 0
|p 17A1530287
|o snkSD 91681
|i snk2023/10193
|8 0
|0 0
|1 0
|4 0
|d 2023-06-27
|f 1
|l 0
|r 2026-02-24 13:08:31
|w 2026-02-24
|
| 952 |
|
|
|a SNK
|b SNK
|y VYP
|7 0
|p 17A1530288
|o snkSD 91681 D1
|i snk2023/10194
|8 0
|0 0
|1 0
|4 0
|d 2023-06-27
|l 0
|r 2026-02-24 13:08:31
|w 2026-02-24
|